000 00631nam a2200205 u 4500
005 20240924071251.0
008 110405s1978 r 000 0 eng d
020 _a0590450921
035 _aUPN01000180148
049 _aI
050 4 _aPZ78
_bK7.7
100 1 _aKrauss, Ruth
245 1 3 _aLa semilla de zanahoria /
_cRuth Krauss ; il. Crockett Johnson ; tr. por Argentina Palacios.
260 _aNew York :
_bScholastic,
_c1978.
300 _a[22] p. :
_bil. col.
534 _pTítulo original:
_tThe carrot seed
650 4 _aLibros y lectura para niños
_92290
650 4 _aLiteratura infantil
_94445
905 _aInfantil
999 _c152251
_d152251